The noble scholar, jurist, historian


 His Excellency Dr. Abdul Wahhab bin Ibrahim Abu Sulaiman, may Allah have mercy on him.


 He was born in Umm Al-Qura in the year 1356 AH.

التعريف بآداب التأليف / (Record no. 12798)

MARC details
000 -LEADER
fixed length control field 01105cam a22002771i 4500
003 - CONTROL NUMBER IDENTIFIER
control field SA-RiAUC
005 - DATE AND TIME OF LATEST TRANSACTION
control field 20251029130737.0
008 - FIXED-LENGTH DATA ELEMENTS--GENERAL INFORMATION
fixed length control field 251023s1989 ua g b 00000 ara c
020 ## - INTERNATIONAL STANDARD BOOK NUMBER
International Standard Book Number 9771600788
020 ## - INTERNATIONAL STANDARD BOOK NUMBER
International Standard Book Number 9771600788
040 ## - CATALOGING SOURCE
Original cataloging agency SA-JeALM
Language of cataloging ara
Transcribing agency SA-RiAUC
Description conventions rda
082 04 - DEWEY DECIMAL CLASSIFICATION NUMBER
Classification number 808.02
090 ## - LOCALLY ASSIGNED LC-TYPE CALL NUMBER (OCLC); LOCAL CALL NUMBER (RLIN)
Classification number (OCLC) (R) ; Classification number, CALL (RLIN) (NR) 808.02 ج ل ا
100 1# - MAIN ENTRY--PERSONAL NAME
Personal name الجلال السيوطي، عبد الرحمن بن أبي بكر بن محمد،
Dates associated with a name 849-911 هجري
Relator term مؤلف.
245 12 - TITLE STATEMENT
Title التعريف بآداب التأليف /
Statement of responsibility, etc. لجلال الدين السيوطي ؛ تحقيق مرزوق علي إبراهيم.
264 #1 - PRODUCTION, PUBLICATION, DISTRIBUTION, MANUFACTURE, AND COPYRIGHT NOTICE
Place of production, publication, distribution, manufacture القاهرة :
Name of producer, publisher, distributor, manufacturer مكتبة التراث الإسلامي،
Date of production, publication, distribution, manufacture, or copyright notice 1989
300 ## - PHYSICAL DESCRIPTION
Extent 41 صفحة ؛
Dimensions 24 سم
336 ## - CONTENT TYPE
Content type term نص
Content type code txt
Source rdacontent
Materials specified كتاب
337 ## - MEDIA TYPE
Media type term بدون وسيط
Media type code n
Source rdamedia
504 ## - BIBLIOGRAPHY, ETC. NOTE
Bibliography, etc. note ببليوجرافية : صفحة 36-40.
650 #7 - SUBJECT ADDED ENTRY--TOPICAL TERM
Topical term or geographic name entry element التأليف
Source of heading or term aucsh
700 1# - ADDED ENTRY--PERSONAL NAME
Personal name إبراهيم، مرزوق علي
Relator term محقق.
856 ## - ELECTRONIC LOCATION AND ACCESS
Host name http://catalogue.bnf.fr/ark:/12148/cb39285262x
942 ## - ADDED ENTRY ELEMENTS (KOHA)
Source of classification or shelving scheme Dewey Decimal Classification
Koha item type Books
Suppress in OPAC No
949 ## - LOCAL PROCESSING INFORMATION (OCLC)
a SA-JeALM
d 251023
u osman123
n 1
Holdings
Withdrawn status Lost status Source of classification or shelving scheme Damaged status Not for loan Home library Current library Date acquired Total checkouts Full call number Barcode Date last seen Price effective from Koha item type
    Dewey Decimal Classification     DR AbdElwahab Library DR AbdElwahab Library 10/29/2025   808.02 ج ل ا 000020588 10/29/2025 10/29/2025 Books